Quiz sur Mayotte - Statistiques

Statistiques générales
  • Ce quiz a été pris 539 fois
    518 depuis la dernière actualisation
  • Le résultat moyen est 11 sur 20
Statistiques - réponses
Question Réponse % Correct
Numéro du département 976
95%
Océan bordant l'île Océan Indien
87%
Pays situé à l'est de Mayotte Madagascar
81%
Archipel que Mayotte n'a pas souhaité rejoindre en 1974 puis en 1976. Comores
80%
Religion pratiquée par 95% des habitants de Mayotte, un record en France. Islam
79%
Chef lieu de facto et plus grande ville Mamoudzou
76%
Nom des deux principales îles de Mayotte Grande-Terre
65%
Petite-Terre
65%
Gentilé Mahorais
64%
Poisson souvent utilisé pour définir la forme de Mayotte et présent sur les armoiries du département. Hippocampe
56%
Région Mayotte
56%
Pays continental le plus proche de Mayotte Mozambique
55%
Symbole floral de Mayotte qui lui doit son surnom de l'île aux parfums. Ylang-Ylang
53%
Principale langue parlée dans le département Shimaoré
49%
Celui de Mayotte a une surface de 1 100m², soit l'un des plus grands du monde. Lagon
43%
Surnom donné à certaines femmes qui se sont battues pour le maintien de Mayotte dans la République française. Chatouilleuses
39%
Chef lieu de jure Dzaoudzi
29%
Age auquel serait décédé le 1er mai 2021 Tava Colo, possible doyenne des français entre le 1er juillet 2016 et sa mort. 118 ans
20%
Nombre d'habitants (arrondi à la dizaine de milliers d'habitants) 290 000 (288 926)
11%
Homme français au pouvoir qui acheta l'île en 1841 au sultan Andriantsoly. Louis-Philippe
10%
Aucun quiz correspondant
Distribution des résultats
% des personnes avec chaque résultat
Percentile par nombre de réponses
Votre historique - résultats
Vous n’avez pas pris ce quiz depuis la dernière actualisation